=LDR 00000nam 2200000 4500 =001 INLIS000000000011436 =005 20130612103011 =008 ***********************************Ind** =035 ##$$0010-061300000011436 =041 ##$$a Ind =082 ##$$a 959.831 =090 ##$$a 959.831, Amr s =100 ##$$a Amran, Rusli =245 ##$$a Sumatra Barat Plakat Panjang, Rusli Amran =260 ##$$a Sinar agape Pres; 1985 $b Jakarta =300 ##$$a 399 hlm., ilus, 21 cm =650 ##$$a Sejarah Sumatra- Barat =850 ##$$a NBPNMAT